000 00322nam a22001337a 4500
008 170529b xxu||||| |||| 00| 0 eng d
020 _a9780787969950
041 _aeng
080 _24 ED
_a94
100 _a16
101 _aSHH
245 _aTRADITION ENCOUNTERS ACLOBAL PERSPECTIVE
_cBENTLEY.H
942 _2udc
_cBK
999 _c14916
_d14916